Valioliigan Mestarit - Statistics

Yleistilastot
  • Tätä visaa on pelattu 125 kertaa
  • Keskiarvotulos 30 / 31
Vastaustilastot
Vuosi Joukkue % Oikein
22-23 Manchester City
99%
21-21 Manchester City
99%
20-21 Manchester City
99%
18-19 Manchester City
99%
17-18 Manchester City
99%
13-14 Manchester City
99%
11-12 Manchester City
99%
12-13 Manchester United
99%
10-11 Manchester United
99%
08-09 Manchester United
99%
07-08 Manchester United
99%
06-07 Manchester United
99%
02-03 Manchester United
99%
00-01 Manchester United
99%
99-00 Manchester United
99%
98-99 Manchester United
99%
96-97 Manchester United
99%
95-96 Manchester United
99%
93-94 Manchester United
99%
92-93 Manchester United
99%
19-20 Liverpool
97%
03-04 Arsenal
94%
01-02 Arsenal
94%
97-98 Arsenal
94%
16-17 Chelsea
94%
14-15 Chelsea
94%
09-10 Chelsea
94%
05-06 Chelsea
94%
04-05 Chelsea
94%
15-16 Leicester
88%
94-95 Blackburn Rovers
35%
Ehtoja vastaavia visoja ei löytynyt
Tulosjakauma
Jokaisen tuloksen saaneiden osuus
Persentiili vastausten määrän mukaan
Tuloshistoriasi
Et ole pelannut tätä visaa